000
00308 a2200145 4500
001
168902
020
_a
040
_c
Magnum
100
_a
Cabral, Antonio
240
1
0
_a
Jogos populares infantis
_l
por
245
1
0
_a
Jogos populares infantis
362
0
_a
1899
697
_a
EDUCACAO FISICA
942
_c
BK
999
_c
168902
_d
168902